[Event "Kaltern Trophy-B 2nd"]
[Site "Kaltern"]
[Date "2017.10.28"]
[Round "3"]
[White "Hofer, Alois"]
[Black "Sinner, Armin"]
[Result "1/2-1/2"]
[WhiteElo "1817"]
[BlackElo "1709"]
[PlyCount "35"]
[EventDate "2017.10.27"]
[EventType "swiss"]
[EventRounds "5"]
[EventCountry "ITA"]
[SourceTitle "CBM 181 Extra"]
[Source "ChessBase"]
[SourceDate "2017.12.12"]
[SourceVersion "1"]
[SourceVersionDate "2017.12.12"]
[SourceQuality "1"]

1. c4 e6 2. e3 Nf6 3. d4 d5 4. Nc3 c6 5. a3 Nbd7 6. Nf3 Bd6 7. cxd5 exd5 8. Bd3 0-0 9. h3 Re8 10. Qc2 Nf8 11. 0-0 Ng6 12. Re1 Bd7 13. Bf5 Bxf5 14. Qxf5 h6 15. g3 Ne7 16. Qd3 Qd7 17. Kg2 Ng6 18. Bd2 1/2-1/2

[Event "Kaltern Trophy-B 2nd"]
[Site "Kaltern"]
[Date "2017.10.27"]
[Round "1"]
[White "Hofer, Alois"]
[Black "Casadio, Niccolo"]
[Result "1-0"]
[WhiteElo "1817"]
[BlackElo "1541"]
[PlyCount "79"]
[EventDate "2017.10.27"]
[EventType "swiss"]
[EventRounds "5"]
[EventCountry "ITA"]
[SourceTitle "CBM 181 Extra"]
[Source "ChessBase"]
[SourceDate "2017.12.12"]
[SourceVersion "1"]
[SourceVersionDate "2017.12.12"]
[SourceQuality "1"]

1. c4 Nf6 2. Nc3 g6 3. g3 Bg7 4. Bg2 0-0 5. e3 e5 6. Nge2 Nc6 7. 0-0 d6 8. a3 Be6 9. d3 a5 10. Bd2 Qd7 11. Nd5 Bxd5 12. cxd5 Ne7 13. Nc3 c6 14. dxc6 bxc6 15. Qc2 Rab8 16. Rab1 c5 17. Ne2 Qa7 18. Bc3 Nd7 19. Qd2 a4 20. d4 Nb6 21. dxc5 Nc4 22. Qd3 Qxc5 23. Bb4 Rxb4 24. axb4 Qxb4 25. Rfc1 Nxb2 26. Qc2 a3 27. Qc3 Qa4 28. Ra1 e4 29. Qxa3 Qb5 30. Nc3 Bxc3 31. Qxc3 Nd3 32. Rcb1 Qf5 33. Qd2 Nc6 34. Ra6 Ncb4 35. Rxd6 Qc5 36. Rd4 Nc6 37. Rxe4 Rd8 38. Qe2 Nc1 39. Qf1 Na2 40. Rc4 1-0

[Event "Caldaro Puntay op-B 1st"]
[Site "Caldaro"]
[Date "2016.10.23"]
[Round "4"]
[White "Hofer, Alois"]
[Black "Napetschnig, Martin"]
[Result "1-0"]
[WhiteElo "1773"]
[BlackElo "1826"]
[PlyCount "157"]
[EventDate "2016.10.21"]
[EventType "swiss"]
[EventRounds "5"]
[EventCountry "ITA"]
[SourceTitle "EXT 2018"]
[Source "ChessBase"]
[SourceDate "2017.10.13"]
[SourceVersion "1"]
[SourceVersionDate "2017.10.13"]
[SourceQuality "1"]

1. c4 e5 2. Nc3 Nf6 3. g3 Nc6 4. Bg2 Bb4 5. e3 d6 6. Nge2 Bg4 7. h3 Bh5 8. 0-0 0-0 9. d3 Rb8 10. Qa4 Qd7 11. a3 Bc5 12. b4 Bxe2 13. Nxe2 Nd4 14. Qd1 Nxe2+ 15. Qxe2 Bb6 16. Kh2 c5 17. g4 h6 18. e4 cxb4 19. axb4 Bd4 20. Bb2 Bxb2 21. Qxb2 b5 22. Qa3 Rfc8 23. Rfc1 Rc7 24. cxb5 Rxc1 25. Rxc1 Qxb5 26. Bf1 Qb6 27. Kg2 Nh7 28. Ra1 Qxb4 29. Qxb4 Rxb4 30. Rxa7 Ng5 31. Ra8+ Kh7 32. Rd8 Rd4 33. Rd7 Kg6 34. h4 Ne6 35. Kf3 Nf4 36. Ke3 Kf6 37. g5+ Ke6 38. gxh6 gxh6 39. Rd8 Kf6 40. Rg8 Ng6 41. h5 Nf4 42. Be2 Ne6 43. Rg1 Rb4 44. Bg4 Nf4 45. Bf3 Rb3 46. Be2 Rb2 47. Bf3 Nh3 48. Rf1 Kg5 49. Be2 Nf4 50. Rg1+ Kf6 51. Bf3 Ne6 52. Bg4 Nd4 53. f4 Rh2 54. fxe5+ dxe5 55. Rg3 Nc2+ 56. Kf3 Ne1+ 57. Ke3 Ng2+ 58. Kf3 Nf4 59. Ke3 Nxh5 60. Bxh5 Rxh5 61. d4 exd4+ 62. Kxd4 Rg5 63. Rf3+ Ke6 64. Rh3 h5 65. Rh4 f6 66. Rh1 Ra5 67. Ke3 Kf7 68. Kf4 Rg5 69. Rh4 Ke6 70. Rh1 Kf7 71. Rh2 Kg6 72. Rh4 Rg1 73. Rh2 Rf1+ 74. Kg3 Kg5 75. Re2 h4+ 76. Kg2 Rf4 77. e5 f5 78. e6 h3+ 79. Kh2 1-0

[Event "Caldaro Puntay op-B 1st"]
[Site "Caldaro"]
[Date "2016.10.22"]
[Round "3"]
[White "Scarabello, Graziano"]
[Black "Hofer, Alois"]
[Result "0-1"]
[WhiteElo "1630"]
[BlackElo "1773"]
[PlyCount "68"]
[EventDate "2016.10.21"]
[EventType "swiss"]
[EventRounds "5"]
[EventCountry "ITA"]
[SourceTitle "EXT 2018"]
[Source "ChessBase"]
[SourceDate "2017.10.13"]
[SourceVersion "1"]
[SourceVersionDate "2017.10.13"]
[SourceQuality "1"]

1. c4 c5 2. g3 Nc6 3. Bg2 g6 4. Nc3 a6 5. e3 Bg7 6. Nge2 e6 7. 0-0 Nge7 8. Ne4 d6 9. Rb1 0-0 10. d4 cxd4 11. exd4 d5 12. cxd5 Nxd5 13. a3 Nce7 14. b4 Bd7 15. Bb2 Bc6 16. Ba1 Nf5 17. a4 Qe8 18. b5 axb5 19. axb5 Bxb5 20. Re1 Bc6 21. Nc5 Nd6 22. Nd3 Ne7 23. f3 Ndf5 24. Qc1 Rc8 25. Nc5 Nd5 26. Nf4 Nxf4 27. Qxf4 Rd8 28. Nxb7 Bxd4+ 29. Bxd4 Rxd4 30. Qc1 Qe7 31. Nc5 Rc8 32. Re5 Bd5 33. Rb5 Rc4 34. Qa3 R4xc5 0-1

[Event "Caldaro Puntay op-B 1st"]
[Site "Caldaro"]
[Date "2016.10.21"]
[Round "1"]
[White "Romaniello, Domenico"]
[Black "Hofer, Alois"]
[Result "1/2-1/2"]
[WhiteElo "1552"]
[BlackElo "1773"]
[PlyCount "91"]
[EventDate "2016.10.21"]
[EventType "swiss"]
[EventRounds "5"]
[EventCountry "ITA"]
[SourceTitle "EXT 2018"]
[Source "ChessBase"]
[SourceDate "2017.10.13"]
[SourceVersion "1"]
[SourceVersionDate "2017.10.13"]
[SourceQuality "1"]

1. Nf3 Nf6 2. d4 d5 3. Bf4 e6 4. e3 Bd6 5. Bxd6 Qxd6 6. a3 Nbd7 7. Bd3 0-0 8. Nbd2 c5 9. c3 e5 10. dxe5 Nxe5 11. Nxe5 Qxe5 12. Nf3 Qh5 13. Be2 Qg6 14. g3 Bh3 15. Nh4 Qe4 16. Bf3 Qe6 17. Ng2 g5 18. 0-0 Rad8 19. Qc2 Bf5 20. Qa4 a6 21. c4 Bd3 22. cxd5 Qf5 23. Ne1 Bxf1 24. Kxf1 Nxd5 25. e4 Nb6 26. Qb3 Qe6 27. Qe3 h6 28. Qxc5 Qc4+ 29. Qxc4 Nxc4 30. b4 Nd2+ 31. Ke2 Rfe8 32. Bg2 Nxe4 33. Kf1 b5 34. Kg1 Nc3 35. Bb7 Re6 36. Kg2 Rd1 37. Rxd1 Nxd1 38. Nd3 Rd6 39. Nc5 Rd2 40. Ne4 Ra2 41. Bxa6 Rxa3 42. Bxb5 Rb3 43. Be2 Rb1 44. b5 f5 45. Nc5 Nc3 46. Bd3 1/2-1/2